The external school in Carolingian society
| Auteur principal: | |
|---|---|
| Type de support: | Imprimé Livre |
| Langue: | Anglais |
| Service de livraison Subito: | Commander maintenant. |
| Vérifier la disponibilité: | HBZ Gateway |
| WorldCat: | WorldCat |
| Interlibrary Loan: | Interlibrary Loan for the Fachinformationsdienste (Specialized Information Services in Germany) |
| Publié: |
Leiden [u.a.]
Brill
1992
|
| Dans: |
Education and society in the Middle Ages and Renaissance (1)
Année: 1992 |
| Collection/Revue: | Education and society in the Middle Ages and Renaissance
1 |
| Sujets / Chaînes de mots-clés standardisés: | B
Fränkisches Reich
/ École monastique
/ Histoire 750-900
|
| Sujets non-standardisés: | B
Carolingians Education
B Education, Medieval |
| Accès en ligne: |
Table des matières |
MARC
| LEADER | 00000cam a2200000 c 4500 | ||
|---|---|---|---|
| 001 | 02622111X | ||
| 003 | DE-627 | ||
| 005 | 20260205141750.0 | ||
| 007 | tu | ||
| 008 | 920422s1992 ne ||||| 00| ||eng c | ||
| 010 | |a 91026965 | ||
| 015 | |a 93,A06,0446 |2 dnb | ||
| 016 | 7 | |a 930189981 |2 DE-101 | |
| 020 | |a 9004094490 |c : hfl 100.00 (Gewebe, freier Pr.) |9 90-04-09449-0 | ||
| 035 | |a (DE-627)02622111X | ||
| 035 | |a (DE-576)025597515 | ||
| 035 | |a (DE-599)GBV02622111X | ||
| 035 | |a (OCoLC)246887390 | ||
| 040 | |a DE-627 |b ger |c DE-627 |e rakwb | ||
| 041 | |a eng | ||
| 044 | |c XA-NL |c XD-US |c XA-DE | ||
| 050 | 0 | |a LA91 | |
| 082 | 0 | |a 370'.9'02 | |
| 082 | 0 | |a 370/.9/02 | |
| 082 | 0 | |a 940 | |
| 084 | |a 1 |2 ssgn | ||
| 084 | |a 81.01 |2 bkl | ||
| 084 | |a 80.01 |2 bkl | ||
| 100 | 1 | |e VerfasserIn |0 (DE-627)1238164803 |0 (DE-576)168164809 |4 aut |a Hildebrandt, Madge M. | |
| 109 | |a Hildebrandt, Madge M. |a Hildebrandt Klais, Madge | ||
| 191 | |a 1 | ||
| 245 | 1 | 4 | |a The external school in Carolingian society |c by M. M. Hildebrandt |
| 264 | 1 | |a Leiden [u.a.] |b Brill |c 1992 | |
| 300 | |a XII, 169 S. |b Ill., Kt. |c 25 cm | ||
| 336 | |a Text |b txt |2 rdacontent | ||
| 337 | |a ohne Hilfsmittel zu benutzen |b n |2 rdamedia | ||
| 338 | |a Band |b nc |2 rdacarrier | ||
| 490 | 1 | |a Education and society in the Middle Ages and Renaissance |v 1 | |
| 500 | |a Literaturverz. S. [151] - 161 | ||
| 583 | 1 | |a Archivierung/Langzeitarchivierung gewährleistet |f SSG |x XA-DE-BW |2 pdager |5 DE-21 | |
| 653 | 0 | |a Education, Medieval | |
| 653 | 0 | |a Carolingians |a Education | |
| 689 | 0 | 0 | |d g |0 (DE-588)4071332-5 |0 (DE-627)106098217 |0 (DE-576)209183357 |2 gnd |a Fränkisches Reich |
| 689 | 0 | 1 | |d s |0 (DE-588)4298025-2 |0 (DE-627)104138815 |0 (DE-576)211006181 |2 gnd |a Klosterschule |
| 689 | 0 | 2 | |q z |2 gnd |a Geschichte 750-900 |
| 689 | 0 | |5 DE-101 | |
| 830 | 0 | |a Education and society in the Middle Ages and Renaissance |v 1 |9 1 |w (DE-627)245391312 |w (DE-576)027241858 |w (DE-600)1431577-4 |x 0926-6070 |7 am | |
| 856 | 4 | 2 | |u https://digitale-objekte.hbz-nrw.de/storage/2009/03/05/file_65/2873354.pdf |m V:DE-605 |m X:migimw |q application/pdf |v 2025-07-00 |3 Inhaltsverzeichnis |7 1 |
| 889 | |w (DE-627)276832027 | ||
| 935 | |a mteo | ||
| 935 | |i Blocktest | ||
| 936 | b | k | |a 81.01 |j Geschichte des Bildungswesens |0 (DE-627)106414518 |
| 936 | b | k | |a 80.01 |j Geschichte der Pädagogik und Erziehung |0 (DE-627)106414429 |
| 951 | |a BO | ||
| ELC | |b 1 | ||
| ITA | |a 1 |t 1 | ||
| LOK | |0 000 xxxxxcx a22 zn 4500 | ||
| LOK | |0 001 3079646533 | ||
| LOK | |0 003 DE-627 | ||
| LOK | |0 004 02622111X | ||
| LOK | |0 005 19940927000000 | ||
| LOK | |0 008 940713||||||||||||||||ger||||||| | ||
| LOK | |0 040 |a DE-21 |c DE-627 |d DE-21 | ||
| LOK | |0 852 |a DE-21 | ||
| LOK | |0 852 1 |c 34 A 10633 |9 00 | ||
| LOK | |0 935 |a theo | ||
| LOK | |0 936ln |a t3.2 | ||
| LOK | |0 938 |l 25 |8 2 | ||
| LOK | |0 939 |a 13-07-94 |b l01 | ||
| LOK | |0 000 xxxxxcx a22 zn 4500 | ||
| LOK | |0 001 3079646649 | ||
| LOK | |0 003 DE-627 | ||
| LOK | |0 004 02622111X | ||
| LOK | |0 005 20100408145258 | ||
| LOK | |0 008 921126||||||||||||||||ger||||||| | ||
| LOK | |0 040 |a DE-21-35 |c DE-627 |d DE-21-35 | ||
| LOK | |0 541 |e 92/190 | ||
| LOK | |0 852 |a DE-21-35 | ||
| LOK | |0 852 1 |c Et 14.1 |m p |9 00 | ||
| LOK | |0 938 |k p | ||
| LOK | |0 939 |a 26-11-92 |b l01 | ||
| ORI | |a TA-MARC-ixtheoa001.raw | ||
| REL | |a 1 | ||
| STA | 0 | 0 | |a Frankish Empire,Carolingian Empire,Merovingian Empire,Monastery school |
| STB | 0 | 0 | |a École monastique |
| STC | 0 | 0 | |a Escuela de convento |
| STD | 0 | 0 | |a Scuola monastica,Scuola di un convento,Scuola di un convento |
| STE | 0 | 0 | |a 修道院学校,寺院学校 |
| STF | 0 | 0 | |a 修道院學校,寺院學校 |
| STG | 0 | 0 | |a Escola de convento |
| STH | 0 | 0 | |a Монастырская школа |
| STI | 0 | 0 | |a Μοναστηριακή Σχολή,Μοναστική Σχολή |
| SUB | |a REL | ||
| SYG | 0 | 0 | |a Frankenreich,Regnum Francorum,Karolingerreich,Merowingerreich,Karolingisches Reich , Von-Witzlebensche Klosterschule,Witzlebensche Klosterschule,Gymnasium und Realgymnasium i.E.,Gymnasium und Realgymnasium mit Alumnat,Lyzeum Roßleben,Lyceum,Realgymnasium (im Umbau zur Deutschen Oberschule) und Gymnasium mit Alumnat , Kloster |
| TIM | |a 100007500101_100009001231 |b Geschichte 750-900 | ||



